Učím sa so samolepkami pre najmenších : [rôzne tvary samolepiek

Bibliographic Details
Other Authors: Madarásová, Jitka (Translator)
Format: Book
Language:Slovak
English
PhysicalDescription:[39] s., [8] l. samolepiek fareb. ilustr. 28 cm
Published: Bratislava Svojtka & Co. 2016
ISBN:9788056700167
Edition:1. slov. vyd.
Subjects:

MARC

LEADER 00000nam a2200000 a 4500
001 vtls011636327
003 SK-MaSNL
005 20260302053149.0
008 180124s2016 xo a a 000 0 slo
015 |a SNBA2017/08 
020 |a 9788056700167  |q (brož.) 
040 |a SNK  |b slo  |c SNK  |e AACR2 
041 1 |a slo  |h eng 
044 |a xo  |c SK 
072 7 |a 373.2/.3  |x Predškolská a primárna výchova a vzdelávanie  |2 konspekt 
072 7 |a 0/9-053.2  |x Literatúra pre deti a mládež (náučná)  |2 konspekt 
080 |a 316.346.32-053.4  |2 2011 
080 |a (084.1)+(0.029.2)  |2 2011 
080 |a (0.05)  |2 2011 
080 |a 159.955  |2 2011 
245 0 0 |a Učím sa so samolepkami  |b pre najmenších : [rôzne tvary samolepiek  |c preklad Jitka Madarásová] 
250 |a 1. slov. vyd. 
260 |a Bratislava  |b Svojtka & Co.  |c 2016 
300 |a [39] s., [8] l. samolepiek  |b fareb. ilustr.  |c 28 cm 
500 |a Preložené z anglického vydania 
521 1 |a 3+ 
650 0 7 |a deti predškolského veku  |2 SNKPH  |9 4103 
650 0 7 |a Preschool children  |2 SNKPHeng  |9 306219 
650 0 7 |a rozvoj myslenia  |2 SNKPH  |9 3967 
650 0 7 |a Development of thought  |2 SNKPHeng  |9 312971 
655 7 |a samolepky  |2 SNKPH  |9 79151 
655 7 |a Stickers  |2 SNKPHeng  |9 303014 
655 7 |a publikácie pre deti  |2 SNKPH  |9 70148 
655 7 |a Children's literature  |2 SNKPHeng  |9 276039 
700 1 |a Madarásová, Jitka  |4 trl  |9 207448 
730 0 |a My First Sticker Art  |l Slovensky  |9 710793 
919 |a 978-80-567-0016-7 
958 |a DB 
958 |a OP 
999 |c 1108313  |d 1110243 
952 |a SNK  |b SNK  |y PREZ  |7 0  |p 17A1260638  |o snkOSB 18781  |i snk2017/13968  |8 0  |0 0  |1 0  |4 0  |d 2017-06-14  |l 0  |r 2026-02-24 17:52:23  |w 2026-02-24 
952 |a SNK  |b SNK  |y PREZ  |7 0  |p 17A1260639  |o snkOSB 18781 D1  |i snk2017/13969  |8 0  |0 0  |1 0  |4 0  |d 2017-06-14  |l 0  |r 2026-02-24 17:52:23  |w 2026-02-24